[Event "Florianopolis op 9th"]
[Site "Florianopolis"]
[Date "2023.01.27"]
[Round "7"]
[White "Flores, Clarice Soares Leit"]
[Black "Volkmann, Andre Jordi"]
[Result "0-1"]
[WhiteElo "1737"]
[BlackElo "2129"]
[PlyCount "80"]
[EventDate "2023.01.23"]
[EventType "swiss"]
[EventRounds "10"]
[EventCountry "BRA"]
[SourceTitle "CBM 212 Extra"]
[Source "ChessBase"]
[SourceDate "2023.03.31"]
[SourceVersion "1"]
[SourceVersionDate "2023.03.31"]
[SourceQuality "1"]

1. d4 f5 2. Nc3 Nf6 3. Bg5 d5 4. e3 e6 5. Bd3 h6 6. Bf4 Be7 7. Nb5 Na6 8. c4 0-0 9. a3 c6 10. Nc3 Nc7 11. Nf3 Ne4 12. h4 Bf6 13. Be5 c5 14. cxd5 exd5 15. Bxc7 Nxc3 16. Bxd8 Nxd1 17. Bxf6 Nxb2 18. Bxg7 Nxd3+ 19. Ke2 Kxg7 20. Kxd3 c4+ 21. Kc3 Be6 22. Rab1 Rab8 23. g3 b5 24. Rb4 a5 25. Rb2 Rb6 26. Rhb1 Rfb8 27. Ne5 Kf6 28. f3 Ke7 29. g4 fxg4 30. fxg4 h5 31. Rg2 hxg4 32. Ra1 b4+ 33. axb4 axb4+ 34. Kb2 Kd6 35. Ra7 b3 36. Nf7+ Bxf7 37. Rxf7 c3+ 38. Kxc3 b2 39. Rgf2 Rc8+ 40. Kd2 Rc2+ 0-1

[Event "Niteroi op 2nd"]
[Site "Niteroi"]
[Date "2022.09.03"]
[Round "4"]
[White "Campagnolo, Bruna"]
[Black "Flores, Clarice Soares Leit"]
[Result "0-1"]
[WhiteElo "1393"]
[BlackElo "1767"]
[PlyCount "86"]
[EventDate "2022.09.01"]
[EventType "swiss"]
[EventRounds "9"]
[EventCountry "BRA"]
[SourceTitle "CBM 210 Extra"]
[Source "ChessBase"]
[SourceDate "2022.11.30"]
[SourceVersion "1"]
[SourceVersionDate "2022.11.30"]
[SourceQuality "1"]

1. e4 c5 2. Nf3 e6 3. d4 cxd4 4. Nxd4 Nf6 5. Nc3 Nc6 6. Be2 Bb4 7. Bg5 h6 8. Nxc6 bxc6 9. Bxf6 Qxf6 10. Qd2 0-0 11. a3 Ba5 12. 0-0 Rb8 13. b4 Bc7 14. f4 Bb6+ 15. Kh1 Qd4 16. Rad1 Qxd2 17. Rxd2 d5 18. e5 a5 19. Na4 axb4 20. Nxb6 Rxb6 21. Rb1 c5 22. axb4 cxb4 23. Rd4 Rc6 24. Bd3 Ba6 25. Rdxb4 Rfc8 26. Rb8 Bxd3 27. Rxc8+ Rxc8 28. cxd3 Rc3 29. Rd1 Kh7 30. g4 Rc2 31. Rf1 Re2 32. Kg1 Re3 33. Rd1 Rf3 34. h3 Rxf4 35. Rf1 Rxf1+ 36. Kxf1 h5 37. d4 hxg4 38. hxg4 Kh6 39. Kf2 Kg5 40. Kf3 Kh4 41. Kf4 g5+ 42. Kf3 Kh3 43. Ke3 Kxg4 0-1

[Event "Santo Antonio de Jesus Bahia op"]
[Site "Santo Antonio"]
[Date "2022.07.10"]
[Round "6"]
[White "Flores, Clarice Soares Leit"]
[Black "Dechen, Andre Luiz"]
[Result "1/2-1/2"]
[WhiteElo "1685"]
[BlackElo "1962"]
[PlyCount "53"]
[EventDate "2022.07.07"]
[EventType "swiss"]
[EventRounds "6"]
[EventCountry "BRA"]
[SourceTitle "CBM 209 Extra"]
[Source "ChessBase"]
[SourceDate "2022.09.30"]
[SourceVersion "1"]
[SourceVersionDate "2022.09.30"]
[SourceQuality "1"]

1. d4 Nf6 2. c4 g6 3. Nc3 d5 4. cxd5 Nxd5 5. e4 Nxc3 6. bxc3 Bg7 7. Bc4 c5 8. Be3 0-0 9. Ne2 Nc6 10. 0-0 Na5 11. Bd3 cxd4 12. cxd4 b6 13. Rc1 Bb7 14. Qd2 Nc6 15. Bb5 Rc8 16. d5 Na5 17. Rxc8 Bxc8 18. Bf4 a6 19. Ba4 e6 20. Rc1 exd5 21. exd5 b5 22. Bc7 Qd7 23. Bxb5 axb5 24. Bxa5 Be5 25. Nc3 Bb7 26. Rb1 Bxc3 27. Bxc3 1/2-1/2

[Event "Pocos de Caldas op"]
[Site "Pocos de Caldas"]
[Date "2022.03.12"]
[Round "4"]
[White "Ramos, Eduardo Pereira"]
[Black "Flores, Clarice Soares Leit"]
[Result "1/2-1/2"]
[WhiteElo "1228"]
[BlackElo "1679"]
[PlyCount "112"]
[EventDate "2022.03.11"]
[EventType "swiss"]
[EventRounds "6"]
[EventCountry "BRA"]
[SourceTitle "CBM 207 Extra"]
[Source "ChessBase"]
[SourceDate "2022.05.31"]
[SourceVersion "1"]
[SourceVersionDate "2022.05.31"]
[SourceQuality "1"]

1. d4 Nf6 2. Bf4 d5 3. e3 c5 4. c3 Nc6 5. h3 Qb6 6. Qb3 c4 7. Qxb6 axb6 8. Nf3 Bf5 9. Nbd2 b5 10. Be2 b4 11. 0-0 h6 12. Rfe1 e6 13. Ne5 bxc3 14. bxc3 Ba3 15. Ndxc4 dxc4 16. Nxc4 Nd5 17. Bd6 Bxd6 18. Nxd6+ Ke7 19. Nxf5+ exf5 20. Rec1 Ra3 21. Bc4 Nxc3 22. Rc2 Na5 23. Bf1 b5 24. Rb2 Rb8 25. Rc1 Kd6 26. g3 Rxa2 27. Rxa2 Nxa2 28. Ra1 Nc3 29. Rxa5 b4 30. Rc5 g6 31. Bd3 Ne4 32. Rc2 Nc3 33. Bc4 Ra8 34. Rb2 Ra1+ 35. Kg2 Rb1 36. Rxb1 Nxb1 37. Bxf7 g5 38. f4 gxf4 39. gxf4 Ke7 40. Bd5 Nd2 41. Kf2 b3 42. Ke2 b2 43. Ba2 Ne4 44. Kd3 Nf2+ 45. Kc2 Nxh3 46. Kxb2 Nf2 47. Kc2 h5 48. Kd2 h4 49. Ke2 Ng4 50. Bd5 Kd6 51. Bg2 Ke6 52. d5+ Kd6 53. e4 fxe4 54. Bxe4 h3 55. Bh1 Nf6 56. Kf2 Nxd5 1/2-1/2

[Event "Florianopolis op 8th"]
[Site "Florianopolis"]
[Date "2022.01.27"]
[Round "5"]
[White "Flores, Clarice Soares Leit"]
[Black "Da Costa, Evelyn Maria Fuck"]
[Result "1-0"]
[WhiteElo "1733"]
[BlackElo "1227"]
[PlyCount "31"]
[EventDate "2022.01.24"]
[EventType "swiss"]
[EventRounds "10"]
[EventCountry "BRA"]
[SourceTitle "EXT 2023"]
[Source "ChessBase"]
[SourceDate "2022.10.05"]
[SourceVersion "1"]
[SourceVersionDate "2022.10.05"]
[SourceQuality "1"]

1. d4 f5 2. Bf4 Nf6 3. e3 e6 4. Nf3 d5 5. c4 c6 6. Nc3 Bd6 7. Ne5 0-0 8. Be2 Nbd7 9. Nxc6 Qc7 10. Nb5 Qxc6 11. Nxd6 dxc4 12. Bxc4 Nb6 13. Nxc8 Raxc8 14. Bb3 Kh8 15. 0-0 Nfd5 16. Be5 1-0

[Event "Taubate op 2nd"]
[Site "Taubate"]
[Date "2021.12.17"]
[Round "3"]
[White "De Oliveira, Francisco E Saraiva"]
[Black "Flores, Clarice Soares Leit"]
[Result "0-1"]
[WhiteElo "1292"]
[BlackElo "1725"]
[PlyCount "32"]
[EventDate "2021.12.16"]
[EventType "swiss"]
[EventRounds "6"]
[EventCountry "BRA"]
[SourceTitle "CBM 206 Extra"]
[Source "ChessBase"]
[SourceDate "2022.03.31"]
[SourceVersion "1"]
[SourceVersionDate "2022.03.31"]
[SourceQuality "1"]

1. c4 c5 2. g3 Nc6 3. Bg2 g6 4. Nc3 Bg7 5. d3 d6 6. e3 e5 7. e4 Nge7 8. Nge2 0-0 9. 0-0 Be6 10. a3 a5 11. Rb1 Rb8 12. Nd5 b5 13. Nxe7+ Qxe7 14. cxb5 Rxb5 15. Qa4 Rb6 16. Bd2 Bb3 0-1

[Event "Taubate op 2nd"]
[Site "Taubate"]
[Date "2021.12.16"]
[Round "1"]
[White "Limberg, Estacio Vermelho"]
[Black "Flores, Clarice Soares Leit"]
[Result "1-0"]
[WhiteElo "2249"]
[BlackElo "1725"]
[PlyCount "63"]
[EventDate "2021.12.16"]
[EventType "swiss"]
[EventRounds "6"]
[EventCountry "BRA"]
[SourceTitle "CBM 206 Extra"]
[Source "ChessBase"]
[SourceDate "2022.03.31"]
[SourceVersion "1"]
[SourceVersionDate "2022.03.31"]
[SourceQuality "1"]

1. e4 c5 2. Nf3 g6 3. c4 Nc6 4. d4 cxd4 5. Nxd4 Nf6 6. Nc3 d6 7. Be2 Nxd4 8. Qxd4 Bg7 9. 0-0 0-0 10. Qd3 Be6 11. Rb1 Rc8 12. b3 a6 13. Bd2 Qc7 14. Rbc1 Qc6 15. f4 b5 16. cxb5 axb5 17. Qxb5 Qa8 18. Qa6 d5 19. e5 Nd7 20. Qxa8 Rxa8 21. Bf3 Nb6 22. Be3 Rfb8 23. Rfd1 f6 24. Bxb6 Rxb6 25. Nxd5 Rba6 26. Nc7 R8a7 27. Nxe6 Rxe6 28. Bd5 Raa6 29. exf6 Bxf6 30. Re1 Kf7 31. Rxe6 Rxe6 32. Rc6 1-0

[Event "BRA-ch (Women) 60th"]
[Site "Cuiaba"]
[Date "2021.10.31"]
[Round "5"]
[White "Do Amaral Vailant, Helena Ketheryne"]
[Black "Flores, Clarice Soares Leit"]
[Result "1/2-1/2"]
[WhiteElo "1414"]
[BlackElo "1656"]
[PlyCount "132"]
[EventDate "2021.10.28"]
[EventType "swiss"]
[EventRounds "11"]
[EventCountry "BRA"]
[SourceTitle "CBM 205 Extra"]
[Source "ChessBase"]
[SourceDate "2022.01.31"]
[SourceVersion "1"]
[SourceVersionDate "2022.01.31"]
[SourceQuality "1"]

1. e4 c5 2. Nc3 Nc6 3. Bb5 Nd4 4. Bd3 g6 5. b3 Bg7 6. Bb2 a6 7. Nf3 e6 8. Nxd4 cxd4 9. Ne2 Qb6 10. 0-0 Ne7 11. Kh1 d5 12. f3 e5 13. exd5 Nxd5 14. Bc4 Qd6 15. Re1 0-0 16. a4 Rd8 17. Ng3 f5 18. Qe2 Kh8 19. Ba3 Qf6 20. Qf2 Nf4 21. Ne2 Nxe2 22. Qxe2 Bd7 23. Bb2 Qc6 24. Rec1 e4 25. Qf2 b5 26. axb5 axb5 27. Rxa8 Rxa8 28. Be2 Qd5 29. Ra1 Rxa1+ 30. Bxa1 Kg8 31. Bd1 d3 32. Bxg7 Kxg7 33. c3 g5 34. Qd4+ Qxd4 35. cxd4 Kf6 36. Kg1 Ke6 37. fxe4 fxe4 38. Kf2 Bc6 39. Ke3 Kf5 40. h3 b4 41. Bg4+ Kf6 42. Bh5 Bd5 43. Bd1 h6 44. g4 Bc6 45. d5 Bxd5 46. Kd4 Ke6 47. Kc5 Ke5 48. Kxb4 Kf4 49. Kc5 Ba8 50. Kd4 Kg3 51. Ke3 Kxh3 52. Kf2 Kh2 53. b4 Bc6 54. Bb3 h5 55. Be6 h4 56. Bf5 h3 57. Be6 Kh1 58. Bf5 Bd5 59. b5 e3+ 60. dxe3 d2 61. Bc2 Bc4 62. b6 Bd3 63. Bd1 Be4 64. Be2 Bd5 65. Bd1 Be4 66. Be2 Bd5 1/2-1/2

[Event "BRA-ch (Women) 60th"]
[Site "Cuiaba"]
[Date "2021.10.31"]
[Round "6"]
[White "Flores, Clarice Soares Leit"]
[Black "Brambilla, Renee Blandy T"]
[Result "1-0"]
[WhiteElo "1656"]
[BlackElo "1671"]
[PlyCount "115"]
[EventDate "2021.10.28"]
[EventType "swiss"]
[EventRounds "11"]
[EventCountry "BRA"]
[SourceTitle "CBM 205 Extra"]
[Source "ChessBase"]
[SourceDate "2022.01.31"]
[SourceVersion "1"]
[SourceVersionDate "2022.01.31"]
[SourceQuality "1"]

1. d4 Nf6 2. c4 g6 3. Nc3 Bg7 4. e4 d6 5. f3 0-0 6. Bg5 c5 7. d5 h6 8. Bh4 e6 9. Qd2 Nxe4 10. Bxd8 Nxd2 11. Be7 Re8 12. Bxd6 Nxf1 13. Kxf1 exd5 14. Nxd5 Na6 15. Ne7+ Kh7 16. Nxc8 Raxc8 17. Ne2 Re6 18. Bg3 Rd8 19. Nf4 Rb6 20. Nd5 Rxb2 21. Re1 Rxa2 22. Re7 Ra1+ 23. Be1 b5 24. cxb5 Rxd5 25. bxa6 Rxa6 26. Rxf7 Kg8 27. Re7 c4 28. Rc7 c3 29. g4 Ra1 30. Kg2 Ra2+ 31. Kh3 c2 32. Bg3 Be5 33. Rc8+ Kf7 34. Bxe5 Rxe5 35. Kg3 Rb2 36. Rc1 Re2 37. Ra1 g5 38. Rxa7+ Re7 39. Ra6 Kg7 40. Rac6 Re2 41. R8c7+ Kg8 42. Rg6+ Kf8 43. f4 Rg2+ 44. Kf3 Rf2+ 45. Ke3 gxf4+ 46. Ke4 Rb4+ 47. Kf5 Rb5+ 48. Ke4 Rb2 49. Rc8+ Kf7 50. Rxh6 Re2+ 51. Kf5 Re8 52. Rc7+ Kg8 53. Rg6+ Kh8 54. Rh6+ Kg8 55. Kf6 Rf8+ 56. Kg6 Rf7 57. Rc8+ Rf8 58. Rh8+ 1-0

[Event "World Cup U16 Girls Prel"]
[Site "Tornelo INT"]
[Date "2021.08.06"]
[Round "6"]
[White "Burbach, Anya Belle"]
[Black "Flores, Clarice Soares Leit"]
[Result "0-1"]
[WhiteElo "1265"]
[BlackElo "1650"]
[PlyCount "92"]
[EventDate "2021.08.06"]
[EventType "swiss (rapid)"]
[EventRounds "10"]
[EventCountry "NET"]
[SourceTitle "EXT 2025"]
[Source "ChessBase"]
[SourceDate "2024.10.14"]
[SourceVersion "1"]
[SourceVersionDate "2024.10.14"]
[SourceQuality "1"]

1. e4 c5 2. d4 cxd4 3. c3 g6 4. Nf3 Bg7 5. cxd4 d5 6. e5 Nc6 7. Nc3 Nh6 8. Bd3 Bg4 9. Be3 Qb6 10. h3 Bxf3 11. Qxf3 Qxb2 12. Rc1 Nxd4 13. Qxd5 Rd8 14. Bb5+ Nxb5 15. Qxb5+ Qxb5 16. Nxb5 0-0 17. 0-0 a6 18. Nc3 Nf5 19. Bf4 Rd3 20. g4 Nd4 21. Kg2 b5 22. Rfd1 Rxd1 23. Rxd1 Ne6 24. Bg3 Rc8 25. Nd5 Kf8 26. Ne3 Rc5 27. Rd5 Rxd5 28. Nxd5 Ke8 29. f4 a5 30. Be1 b4 31. Kg3 Kd7 32. Nb6+ Kc6 33. Nc4 Kb5 34. Nb2 Nd4 35. Kf2 f6 36. exf6 Bxf6 37. Nd3 Nc2 38. Bd2 Bd4+ 39. Ke2 Kc4 40. Ne5+ Bxe5 41. fxe5 a4 42. Kd1 b3 43. axb3+ axb3 44. Kc1 Nd4 45. Kb2 Nf3 46. Bg5 Nxg5 0-1

[Event "World Cup U16 Girls Prel"]
[Site "Tornelo INT"]
[Date "2021.08.06"]
[Round "3"]
[White "Flores, Clarice Soares Leit"]
[Black "Rajanya, Datta"]
[Result "0-1"]
[WhiteElo "1650"]
[BlackElo "1509"]
[PlyCount "78"]
[EventDate "2021.08.06"]
[EventType "swiss (rapid)"]
[EventRounds "10"]
[EventCountry "NET"]
[SourceTitle "EXT 2025"]
[Source "ChessBase"]
[SourceDate "2024.10.14"]
[SourceVersion "1"]
[SourceVersionDate "2024.10.14"]
[SourceQuality "1"]

1. d4 d5 2. c4 e6 3. Nc3 c6 4. Nf3 f5 5. Bf4 Nf6 6. e3 Bd6 7. Bxd6 Qxd6 8. Ne5 0-0 9. Bd3 Nbd7 10. f4 Ne4 11. Bxe4 dxe4 12. 0-0 b6 13. Rc1 Bb7 14. a3 Qe7 15. Qb3 Rf6 16. Nxd7 Qxd7 17. Ne2 Rh6 18. c5 Ba6 19. Rf2 Qf7 20. Ng3 Qf6 21. h3 Qh4 22. Nf1 Rg6 23. g3 Qxh3 24. Rh2 Qg4 25. Rg2 b5 26. a4 h5 27. Rcc2 bxa4 28. Qxa4 Bb5 29. Qa1 Qf3 30. Rcf2 Qg4 31. Rd2 a5 32. b3 a4 33. bxa4 Rxa4 34. Ra2 Rxa2 35. Qxa2 Qd1 36. Qf2 Bd3 37. g4 Rxg4 38. Rxg4 Qxg4+ 39. Ng3 h4 0-1

[Event "World Cup U16 Girls Prel"]
[Site "Tornelo INT"]
[Date "2021.08.06"]
[Round "9"]
[White "Flores, Clarice Soares Leit"]
[Black "Tsukerman, Julia"]
[Result "0-1"]
[WhiteElo "1650"]
[BlackElo "1523"]
[PlyCount "84"]
[EventDate "2021.08.06"]
[EventType "swiss (rapid)"]
[EventRounds "10"]
[EventCountry "NET"]
[SourceTitle "EXT 2025"]
[Source "ChessBase"]
[SourceDate "2024.10.14"]
[SourceVersion "1"]
[SourceVersionDate "2024.10.14"]
[SourceQuality "1"]

1. d4 d5 2. c4 e6 3. Nc3 Nf6 4. cxd5 exd5 5. Bg5 Be7 6. e3 c6 7. Bd3 Nbd7 8. Qc2 Nh5 9. Bxe7 Qxe7 10. Nf3 g6 11. 0-0 Ndf6 12. Rab1 a5 13. a3 0-0 14. b4 axb4 15. axb4 b5 16. Ne5 Bb7 17. Rfc1 Nd7 18. Nxd7 Qxd7 19. Ne2 f5 20. Ng3 Nf6 21. Qc5 Ne8 22. Ra1 Nd6 23. Ne2 Nc4 24. Bxc4 bxc4 25. Ra5 Rxa5 26. bxa5 Ra8 27. Rb1 Qc7 28. Rb6 Ra6 29. Nc3 Rxb6 30. axb6 Qb8 31. Qe7 Qa8 32. g3 Qa6 33. Qc7 Qa8 34. Kg2 Qc8 35. Qd6 Kf7 36. h4 Qe6 37. Qc7+ Qe7 38. Na4 Qxc7 39. bxc7 Ke7 40. Nb6 c3 41. c8Q Bxc8 42. Nxc8+ Kd8 0-1

[Event "Florianopolis op 7th"]
[Site "Florianopolis"]
[Date "2021.01.21"]
[Round "5"]
[White "Flores, Clarice Soares Leit"]
[Black "Bassani, Jaison Jose"]
[Result "0-1"]
[WhiteElo "1502"]
[BlackElo "1976"]
[PlyCount "74"]
[EventDate "2021.01.18"]
[EventType "swiss"]
[EventRounds "10"]
[EventCountry "BRA"]
[SourceTitle "CBM 200 Extra"]
[Source "ChessBase"]
[SourceDate "2021.03.31"]
[SourceVersion "1"]
[SourceVersionDate "2021.03.31"]
[SourceQuality "1"]

1. d4 Nf6 2. Nf3 g6 3. Bf4 Bg7 4. e3 d6 5. h3 0-0 6. Nbd2 b6 7. Be2 Bb7 8. 0-0 Nbd7 9. a4 a6 10. Bh2 Qe8 11. Rc1 e5 12. c4 Ne4 13. Nxe4 Bxe4 14. b4 a5 15. b5 f5 16. Nd2 Bb7 17. Nb3 Qe7 18. Bf3 e4 19. Be2 g5 20. Qc2 c5 21. bxc6 Bxc6 22. c5 dxc5 23. dxc5 bxc5 24. Nxc5 Nxc5 25. Qxc5 Qxc5 26. Rxc5 Bxa4 27. Rfc1 Bb3 28. Bd6 Rf7 29. Bh5 Rd7 30. Bc7 a4 31. Rxf5 Be6 32. Rxg5 Rd5 33. Rxd5 Bxd5 34. Bb6 a3 35. Bd4 Bxd4 36. exd4 a2 37. Ra1 Rb8 0-1

[Event "Florianopolis op 7th"]
[Site "Florianopolis"]
[Date "2021.01.19"]
[Round "3"]
[White "Flores, Clarice Soares Leit"]
[Black "Araujo, Everson de Moura"]
[Result "0-1"]
[WhiteElo "1502"]
[BlackElo "1922"]
[PlyCount "84"]
[EventDate "2021.01.18"]
[EventType "swiss"]
[EventRounds "10"]
[EventCountry "BRA"]
[SourceTitle "CBM 200 Extra"]
[Source "ChessBase"]
[SourceDate "2021.03.31"]
[SourceVersion "1"]
[SourceVersionDate "2021.03.31"]
[SourceQuality "1"]

1. d4 Nf6 2. Nf3 d5 3. Bf4 c5 4. e3 Nc6 5. c3 Qb6 6. Qb3 c4 7. Qc2 Bf5 8. Qc1 e6 9. Nbd2 h6 10. h3 Be7 11. Be2 0-0 12. 0-0 Rfc8 13. Ne5 Qd8 14. Re1 b5 15. Bf3 b4 16. e4 dxe4 17. Nxc6 Rxc6 18. Nxe4 Nd5 19. Ng3 Bd3 20. Bd2 Rb8 21. Be4 bxc3 22. bxc3 Bxe4 23. Nxe4 f5 24. Ng3 Bg5 25. Bxg5 Qxg5 26. Qa3 a6 27. Rab1 Rcb6 28. Rxb6 Rxb6 29. Qc5 Qd2 30. Rf1 Qxc3 31. Nxf5 Qb4 32. Qc8+ Kh7 33. Ne3 Nxe3 34. fxe3 Qd2 35. Kh1 Rb2 36. Qc6 Qd3 37. Rf3 c3 38. Kh2 c2 39. Rg3 Rb8 40. e4 Qd2 41. Rc3 Qf4+ 42. Kg1 Rb1# 0-1